00688nam a22001937a 4500999001900000005001700019010001500036020002600051035001400077037001300091082001000104100001500114245010100129260003600230270005400266300002700320942002400347952012300371 c157893d15789320181008113330.0 aENG-124206 c295.00a9789350579206 aEN-107738 bDBAD/PUB a070.4 aRoy, Barun aUnderstanding journalism:bby Barun Roycgain the better understanding of communication procss / aNew DelhibV&S Publishersc2017 aF-2/16, Ansari Road, DaryaganjbNew Delhie110002 a154p.c21cm(pbk)bill. 2ddccENmROYh070.4 001040718NFICaDBADbZLSd2018-10-08eDBAD/PUBg295.00l0o070.4 ROYpEN-107738r2018-10-08 00:00:00t1v295.00yEN